Textos de los grandes filósofos. (Registro nro. 129408)

Detalles MARC
000 -LEADER
campo de control de longitud fija 00765nam a2200229 i 4500
001 - NÚMERO DE CONTROL
campo de control 129408
003 - IDENTIFICADOR DE NÚMERO DE CONTROL
campo de control ES-MaACL
005 - FECHA Y HORA DE LA ÚLTIMA TRANSACCIÓN
campo de control 20250817023709.0
007 - CAMPO FIJO DE DESCRIPCIÓN FÍSICA--INFORMACIÓN GENERAL
campo de control de longitud fija t|
008 - DATOS DE LONGITUD FIJA--INFORMACIÓN GENERAL
campo de control de longitud fija 070614s1970 sp |||| | spa d
080 ## - NÚMERO DE LA CLASIFICACIÓN DECIMAL UNIVERSAL
Número de la Clasificación Decimal Universal 1(082.2)
245 00 - MENCIÓN DEL TÍTULO
Título Textos de los grandes filósofos.
Número de parte o sección de la obra 1,
Nombre de parte o sección de la obra Edad Antigua /
Mención de responsabilidad, etc. [selección] de Roger Verneaux ; [versión de Mª Luisa Medrano].
260 ## - PUBLICACIÓN, DISTRIBUCIÓN, ETC.
Lugar de publicación, distribución, etc. Barcelona :
Nombre del editor, distribuidor, etc. Herder,
Fecha de publicación, distribución, etc. 1970.
300 ## - DESCRIPCIÓN FÍSICA
Extensión 129 p. ;
Dimensiones 22 cm.
490 1# - MENCIÓN DE SERIE
Mención de serie Curso de filosofía tomista ;
Designación de volumen o secuencia 12
650 17 - PUNTO DE ACCESO ADICIONAL DE MATERIA--TÉRMINO DE MATERIA
Término de materia o nombre geográfico como elemento de entrada Filosofía antigua
Fuente del encabezamiento o término embne
9 (RLIN) 138724
700 1# - ENTRADA AGREGADA--NOMBRE PERSONAL
Nombre de persona Verneaux, Roger,
Fechas asociadas al nombre 1906-1997
9 (RLIN) 114166
700 1# - ENTRADA AGREGADA--NOMBRE PERSONAL
Nombre de persona Medrano, Luisa.
9 (RLIN) 79773
830 0# - PUNTO DE ACCESO ADICIONAL DE SERIE-TÍTULO UNIFORME
Título uniforme Curso de filosofía tomista ;
Designación de volumen o secuencia 12
9 (RLIN) 186770
852 ## - LOCALIZACIÓN
Ubicación ES-MaACL
Número de control de estantería C-38603
Existencias
Estatus retirado Estado de pérdida Estado de daño No para préstamo Biblioteca de origen Biblioteca actual Ubicación en estantería Fecha de adquisición Fuente de adquisición Total de préstamos Signatura topográfica completa Código de barras Visto por última vez Precio de reemplazo Tipo de ítem Koha
        Biblioteca del Ateneo de Madrid Biblioteca del Ateneo de Madrid Depósito 2 17/01/2008     C-38603 1134761 23/02/2023 23/02/2023 Libro impreso